KOHA-Header-6

Introduction to Psychology (Record no. 9805)

000 -LEADER
fixed length control field 00260nam a2200109Ia 4500
100 ## - MAIN ENTRY--AUTHOR NAME
Personal name Smith,Edward E.
245 #0 - TITLE STATEMENT
Title Introduction to Psychology
260 ## - PUBLICATION, DISTRIBUTION, ETC. (IMPRINT)
Place of publication Canada
Name of publisher Pearson
Year of publication 2001
300 ## - PHYSICAL DESCRIPTION
Number of Pages 830
942 ## - ADDED ENTRY ELEMENTS (KOHA)
Koha item type Books
Holdings
Withdrawn status Lost status Collection code Permanent Location Current Location Shelving location Date acquired Full call number Accession Number Koha item type
    Psychology MAJU MAJU Shelf No.A35 2019-09-14 505.75 5775 Psychology

Powered by Koha